عاصم بن ثابت رضي الله عنه / (Record no. 104939)

MARC details
000 -LEADER
fixed length control field 00827nam a22002417a 4500
005 - DATE AND TIME OF LATEST TRANSACTION
control field 20251108173500.0
008 - FIXED-LENGTH DATA ELEMENTS--GENERAL INFORMATION
fixed length control field 250721s2002 xx 000 0 ara d
082 14 - DEWEY DECIMAL CLASSIFICATION NUMBER
Classification number ط/219.5/إبر
100 1# - MAIN ENTRY--PERSONAL NAME
Personal name ابراهيم، عبد القادر الشيخ
245 10 - TITLE STATEMENT
Title عاصم بن ثابت رضي الله عنه /
250 ## - EDITION STATEMENT
Edition statement ط2
264 1# - PRODUCTION, PUBLICATION, DISTRIBUTION, MANUFACTURE, AND COPYRIGHT NOTICE
Place of production, publication, distribution, manufacture حلب :
Name of producer, publisher, distributor, manufacturer دار القلم العربي،
Date of production, publication, distribution, manufacture, or copyright notice 2002.
300 ## - PHYSICAL DESCRIPTION
Extent 16ص.
490 0# - SERIES STATEMENT
Series statement فجر الهدى والإيمان : من سفراء الإسلام
Volume/sequential designation 13
650 17 - SUBJECT ADDED ENTRY--TOPICAL TERM
Topical term or geographic name as entry element السيرة النبوية
650 17 - SUBJECT ADDED ENTRY--TOPICAL TERM
Topical term or geographic name as entry element الصحابة والتابعين
650 17 - SUBJECT ADDED ENTRY--TOPICAL TERM
Topical term or geographic name as entry element السفراء
653 ## - INDEX TERM--UNCONTROLLED
Uncontrolled term عاصم بن ثابت
653 ## - INDEX TERM--UNCONTROLLED
Uncontrolled term ناشئون صغار (10-14 سنة )
700 1# - ADDED ENTRY--PERSONAL NAME
Personal name فرهود، أحمد عبد الله
Relator term مراجع
942 ## - ADDED ENTRY ELEMENTS (KOHA)
Source of classification or shelving scheme Dewey Decimal Classification
Koha item type Books
Holdings
حالة السحب حالة الفقدان مصدر التصنيف حالة التلف غير قابل للإعارة المكتبة الرئيسية المكتبة الحالية موقع الرف تاريخ التزويد الرقم المتسلسل Total Checkouts رقم الإستدعاء الباركود تاريخ آخر ظهور تاريخ الفاتورة نوع المادة (كوها)
    Dewey Decimal Classification     المكتبة المركزية المكتبة المركزية الأطفال 01/02/2010 1357894   ط/219.5/إبر PLD00133519 28/07/2025 01/02/2010 Books
    Dewey Decimal Classification     المكتبة المركزية المكتبة المركزية مقتنيات قسم التزويد 28/07/2025 1357895   ط/219.5/إبر   28/07/2025 28/07/2025 Books
    Dewey Decimal Classification     مكتبة البشائر للأطفال مكتبة البشائر للأطفال الإعارة 06/05/2015 527812   ط/219.5/إبر PLD00322960 28/07/2025 06/05/2015 Books
    Dewey Decimal Classification     مكتبة الأميرة سلمى مكتبة الأميرة سلمى الأطفال 28/07/2025 567034   ط/219.5/إبر 567034 28/07/2025 28/07/2025 Books
    Dewey Decimal Classification     مكتبة الجويدة مكتبة الجويدة الأطفال 01/03/2018 1676352   ط/219.5/إبر PLD00418286 28/07/2025 01/03/2018 Books
    Dewey Decimal Classification     مكتبة الياسمين للأطفال مكتبة الياسمين للأطفال الأطفال 01/04/2014 558261   ط/219.5/إبر PLD00297445 28/07/2025 01/04/2014 Books
    Dewey Decimal Classification     مكتبةمؤتة مكتبةمؤتة الأطفال 16/06/2014 628851   ط/219.5/إبر PLD00329131 28/07/2025 16/06/2014 Books
Implemented & Customized by: BBB with SCIT (Smart Chains for Information Technology)

Powered by Koha